Multilingual dictionary of fish products
Guardat en:
| Autor corporatiu: | , |
|---|---|
| Format: | Llibre |
| Idioma: | anglès |
| Publicat: |
París
OECD
1968
|
| Matèries: | |
| Etiquetes: |
Afegir etiqueta
Sense etiquetes, Sigues el primer a etiquetar aquest registre!
|
MARC
| LEADER | 00000nam a2200000 a 4500 | ||
|---|---|---|---|
| 001 | UCV5124 | ||
| 003 | CL-VaPUC | ||
| 008 | 920709e19680000FR |||||||||||||||||eng|d | ||
| 082 | 0 | 4 | |a 639.203 |b ORG |2 21 |
| 110 | 2 | |a OCDE |e author |9 299394 | |
| 710 | 2 | |a Organisation for Economic Cooperation and Development |e author |9 299395 | |
| 245 | 1 | 0 | |a Multilingual dictionary of fish products |
| 246 | 1 | 0 | |a Dictionnaire multilingue des poissons et produits de la peche |
| 300 | |a 430 p | ||
| 942 | |c BK | ||
| 945 | |d 19920709 00:00:00 | ||
| 260 | |a París |b OECD |c 1968 | ||
| 650 | 0 | |a Industria pesquera |9 255432 | |
| 650 | 7 | |a DICCIONARIOS POLIGLOTAS |2 CL-VaPUC |9 260792 | |
| 650 | 7 | |a PECES |2 CL-VaPUC |9 299396 | |
| 583 | |a last modification |c 19920709 00:00:00 |k Rodrigo Vera | ||
| 999 | |c 211716 |d 211714 | ||